Antiquité - Statistiques

Statistiques générales
  • Ce quiz a été pris 41 fois
  • Le résultat moyen est 4 sur 11
Statistiques - réponses
Question Réponse % Correct
Fin de l'empire romain 476
91%
Bataille d'Alesia -52
72%
Fondation de Rome -753
56%
Edit de Milan 313
38%
Mort d'Alexandre le Grand -323
38%
Naissance de l'écriture en mésopotamie -3300
31%
Attila chef des huns attaque la Gaule 451
19%
Maîtrise du feu par l'homo erectus -500 000
13%
Peinture grotte de Lascaux -17 000
9%
Unification de la Chine par l'empereur Qin Shi Huang -221
9%
Peinture grotte de Chauvet -36 000
6%
Aucun quiz correspondant
Distribution des résultats
% des personnes avec chaque résultat
Percentile par nombre de réponses
Votre historique - résultats
Vous n’avez pas pris ce quiz